[Event "GRE-chT 45th"]
[Site "Achaia"]
[Date "2017.07.03"]
[Round "1.11"]
[White "Michaelides, Konstantinos"]
[Black "Argyropoulos, Theodoros"]
[Result "1-0"]
[WhiteElo "2127"]
[BlackElo "1629"]
[PlyCount "138"]
[EventDate "2017.07.03"]
[EventType "team-swiss"]
[EventRounds "7"]
[EventCountry "GRE"]
[SourceTitle "CBM 179 Extra"]
[Source "ChessBase"]
[SourceDate "2017.08.23"]
[SourceVersion "1"]
[SourceVersionDate "2017.08.23"]
[SourceQuality "1"]
[WhiteTeam "Korinthias Argonaftis"]
[BlackTeam "Patron Sailing"]
[WhiteTeamCountry "GRE"]
[BlackTeamCountry "GRE"]

1. e4 e5 2. Nf3 Nc6 3. Bc4 Bc5 4. 0-0 Nf6 5. d3 0-0 6. Bg5 d6 7. Nc3 Be6 8. Nd5 Bxd5 9. Bxd5 Ne7 10. Bxf6 gxf6 11. Bxb7 Rb8 12. Bd5 Nxd5 13. exd5 Rxb2 14. Nd2 Rb7 15. Qh5 Kg7 16. Ne4 Qd7 17. Qxh7+ Kxh7 18. Nxf6+ Kg6 19. Nxd7 Rd8 20. Nxc5 dxc5 21. Rab1 Rxb1 22. Rxb1 Rxd5 23. Kf1 c4 24. dxc4 Ra5 25. Rb2 Ra4 26. c5 Rc4 27. Ke2 Rxc5 28. Kd3 f5 29. c4 Ra5 30. Kc3 c5 31. Kb3 Ra6 32. Rd2 Kf6 33. Rd5 Rb6+ 34. Kc3 Ra6 35. Kb2 Rb6+ 36. Ka1 Rc6 37. a3 e4 38. g3 Kg5 39. h3 Kf6 40. Ka2 a6 41. Kb3 Rb6+ 42. Kc2 Rc6 43. Kd2 Rb6 44. Rxc5 Rb2+ 45. Ke1 Rb1+ 46. Ke2 Rb2+ 47. Kf1 Rb1+ 48. Kg2 Rc1 49. Rc6+ Ke5 50. h4 Rc2 51. Kf1 Rc1+ 52. Ke2 Rc2+ 53. Ke1 Rc3 54. a4 f4 55. gxf4+ Kxf4 56. h5 e3 57. fxe3+ Kxe3 58. Kd1 Ra3 59. Rxa6 Kd3 60. Ke1 Kxc4 61. h6 Rh3 62. Kf2 Kd4 63. Kg2 Rh5 64. Kf3 Rh1 65. Kf4 Kd5 66. Kf5 Rh4 67. Kg6 Ke5 68. h7 Rg4+ 69. Kh5 Rg1 1-0

[Event "GRE-chT 43rd"]
[Site "Porto Rio"]
[Date "2015.10.10"]
[Round "5.14"]
[White "Kyriakidis, Eleftherios"]
[Black "Argyropoulos, Theodoros"]
[Result "0-1"]
[WhiteElo "1370"]
[BlackElo "1415"]
[PlyCount "72"]
[EventDate "2015.10.08"]
[EventType "team-swiss"]
[EventRounds "7"]
[EventCountry "GRE"]
[SourceTitle "CBM 168 Extra"]
[Source "ChessBase"]
[SourceDate "2015.10.29"]
[SourceVersion "1"]
[SourceVersionDate "2015.10.29"]
[SourceQuality "1"]
[WhiteTeam "Kalamarias Han"]
[BlackTeam "Patron Sailing"]
[WhiteTeamCountry "GRE"]
[BlackTeamCountry "GRE"]

1. e4 c5 2. Nc3 g6 3. g3 Nc6 4. Bg2 Bg7 5. Nge2 Rb8 6. d3 b5 7. 0-0 d6 8. f4 e6 9. e5 d5 10. Qe1 Nge7 11. g4 Qb6 12. Kh1 0-0 13. Ng3 f5 14. g5 d4 15. Nd1 Nb4 16. Qd2 Bb7 17. a3 Bxg2+ 18. Kxg2 Nbd5 19. Ne2 Rfd8 20. Kg3 Kf7 21. a4 a6 22. b3 Rh8 23. h4 h6 24. axb5 axb5 25. Ba3 Rh7 26. Ng1 hxg5 27. hxg5 Nc6 28. Nf3 Rbh8 29. Bc1 Qc7 30. Ba3 b4 31. Bb2 Nxe5 32. Nf2 Nxf3 33. Kxf3 Ne3 34. Rh1 Rxh1 35. Nxh1 Rxh1 36. Rxh1 Qc6+ 0-1

[Event "GRE-ch U14"]
[Site "Rio Achaia"]
[Date "2015.06.30"]
[Round "7.7"]
[White "Argyropoulos, Theodoros"]
[Black "Alexakis, Georgios"]
[Result "0-1"]
[WhiteElo "1378"]
[BlackElo "1949"]
[PlyCount "142"]
[EventDate "2015.06.26"]
[EventType "swiss"]
[EventRounds "9"]
[EventCountry "GRE"]
[SourceTitle "EXT 2024"]
[Source "ChessBase"]
[SourceDate "2023.10.10"]
[SourceVersion "1"]
[SourceVersionDate "2023.10.10"]
[SourceQuality "1"]

1. e4 c5 2. Nf3 e6 3. d4 cxd4 4. Nxd4 Nf6 5. Nc3 Nc6 6. Ndb5 d6 7. Bf4 e5 8. Bg5 a6 9. Bxf6 gxf6 10. Na3 b5 11. Nd5 Bg7 12. Bd3 Ne7 13. c4 Nxd5 14. cxd5 f5 15. f3 Qg5 16. 0-0 0-0 17. Rc1 fxe4 18. fxe4 f5 19. Nc2 Bh6 20. Rb1 f4 21. Ne1 Bg4 22. Be2 f3 23. Bxf3 Qe3+ 24. Kh1 Qxe4 25. Qd3 Bxf3 26. Rxf3 Rxf3 27. gxf3 Qxd3 28. Nxd3 a5 29. Nf2 Kf7 30. Rd1 Rc8 31. Ne4 Ke7 32. Rf1 Rc4 33. Rd1 Rc2 34. Rb1 Bf4 35. h4 Rh2+ 36. Kg1 Rxh4 37. b4 a4 38. Nc3 Bd2 39. Nxb5 Rxb4 40. Rxb4 Bxb4 41. a3 Ba5 42. Kf2 Bb6+ 43. Kg3 Bc5 44. Nc3 Kd7 45. Nxa4 Bd4 46. Kg4 Ke7 47. Kf5 h5 48. Kg5 h4 49. Kxh4 Kf6 50. Kg4 Kg6 51. f4 e4 52. f5+ Kf6 53. Kf4 e3 54. Nc3 Bxc3 55. Kxe3 Kxf5 56. Kd3 Ba5 57. Kd4 Bb6+ 58. Kc4 Ke5 59. a4 Bg1 60. a5 Bf2 61. a6 Bg1 62. Kd3 Kxd5 63. Kc3 Ke4 64. Kc2 Bb6 65. Kd2 d5 66. Kc3 Ke3 67. Kb4 d4 68. Kb5 Ba7 69. Kc6 d3 70. Kb7 Bd4 71. Ka8 d2 0-1